The company director in Europe : (Record no. 200443325)
[ view plain ]
| 000 -LEADER | |
|---|---|
| fixed length control field | 00936cam a2200301 i 4500 |
| 001 - CONTROL NUMBER | |
| control field | 200443325 |
| 003 - CONTROL NUMBER IDENTIFIER | |
| control field | TR-AnTOB |
| 005 - DATE AND TIME OF LATEST TRANSACTION | |
| control field | 20220414144207.0 |
| 007 - PHYSICAL DESCRIPTION FIXED FIELD--GENERAL INFORMATION | |
| fixed length control field | ta |
| 008 - FIXED-LENGTH DATA ELEMENTS--GENERAL INFORMATION | |
| fixed length control field | 050608s1986 enk 000 0 eng |
| 035 ## - SYSTEM CONTROL NUMBER | |
| System control number | (TR-AnTOB)200443325 |
| 040 ## - CATALOGING SOURCE | |
| Original cataloging agency | TR-AnTOB |
| Language of cataloging | eng |
| Description conventions | rda |
| Transcribing agency | TR-AnTOB |
| 041 0# - LANGUAGE CODE | |
| Language code of text/sound track or separate title | İngilizce |
| 050 #4 - LIBRARY OF CONGRESS CALL NUMBER | |
| Classification number | HD38.25.E85 |
| Item number | C66 1986 |
| 090 ## - LOCALLY ASSIGNED LC-TYPE CALL NUMBER (OCLC); LOCAL CALL NUMBER (RLIN) | |
| Classification number (OCLC) (R) ; Classification number, CALL (RLIN) (NR) | HD38.25.E85 |
| Local cutter number (OCLC) ; Book number/undivided call number, CALL (RLIN) | C66 1986 |
| 245 14 - TITLE STATEMENT | |
| Title | The company director in Europe : |
| Remainder of title | A guide to directors' duties and responsibilities in 24 countries. |
| 264 #1 - PRODUCTION, PUBLICATION, DISTRIBUTION, MANUFACTURE, AND COPYRIGHT NOTICE | |
| Place of production, publication, distribution, manufacture | United Kingdom : |
| Name of producer, publisher, distributor, manufacturer | Coopers and Lybrand, |
| Date of production, publication, distribution, manufacture, or copyright notice | 1986. |
| 300 ## - PHYSICAL DESCRIPTION | |
| Extent | 130 pages ; |
| Dimensions | 22 cm |
| 336 ## - CONTENT TYPE | |
| Content type term | text |
| Content type code | txt |
| Source | rdacontent |
| 337 ## - MEDIA TYPE | |
| Media type term | unmediated |
| Media type code | n |
| Source | rdamedia |
| 338 ## - CARRIER TYPE | |
| Carrier type term | volume |
| Carrier type code | nc |
| Source | rdacarrier |
| 650 #0 - SUBJECT ADDED ENTRY--TOPICAL TERM | |
| Topical term or geographic name entry element | Executives |
| Geographic subdivision | Europe |
| 9 (RLIN) | 132410 |
| Topical term or geographic name entry element | Directors of corporations |
| Geographic subdivision | Europe |
| 9 (RLIN) | 132411 |
| 710 2# - ADDED ENTRY--CORPORATE NAME | |
| Corporate name or jurisdiction name as entry element | Coopers & Lybrand |
| 9 (RLIN) | 132412 |
| 942 ## - ADDED ENTRY ELEMENTS (KOHA) | |
| Source of classification or shelving scheme | Library of Congress Classification |
| Koha item type | Book |
| Withdrawn status | Lost status | Source of classification or shelving scheme | Not for loan | Collection code | Home library | Current library | Shelving location | Date acquired | Source of acquisition | Inventory number | Total Checkouts | Full call number | Barcode | Date last seen | Copy number | Date shelved | Koha item type | Public note |
|---|---|---|---|---|---|---|---|---|---|---|---|---|---|---|---|---|---|---|
| Other/Generic Classification Scheme | Ödünç Verilemez-Kurumiçi kullanım / Not for loan-For inhouse use | TOBB Kütüphanesi Bağış Koleksiyonu - Klasik | Merkez Kütüphane | Merkez Kütüphane | TOBB Bağışı Koleksiyonu / TOBB Gift Collection | 01/07/2005 | TOBB Devir / TOBB Transfer | END/İŞL | TOBBK HD38.25.E85 C66 1986 | T002684 | 31/08/2021 | 1 | 31/08/2021 | Book | Donated by TOBB |
